| 000 | 00588nam a2200205Ia 4500 | ||
|---|---|---|---|
| 001 | b81-23339 [2148] | ||
| 003 | IT-MiCISF | ||
| 008 | 161014s9999||||xx |||||||||||||| ||und|| | ||
| 040 |
_aIT-MiCISF _cIT-MiCISF |
||
| 041 | _ait | ||
| 100 | _aPearson Gerald | ||
| 245 | 0 | _aManuale di psicoanalisi e dell'adolescente | |
| 250 | _a1a ed. | ||
| 260 |
_a Torino _bBoringhieri _c1974 |
||
| 300 | _app. 435 | ||
| 500 | _a / infanzia, crescita-bambini, terapia, adolescenza, tecniche-terapeutiche, case-studies / | ||
| 650 | _aetà -evolutiva | ||
| 942 | _cBK | ||
| 957 | _71 | ||
| 999 |
_a23339 _bsi _g1 _c209623 _d209623 |
||